000 00289nam a22001217a 4500
008 190314b xxu||||| |||| 00| 0 eng d
041 _aeng
080 _a043.3
100 _a0
101 _aSHKI-BA
245 _aVleresimi i rrezikut ndaj sulmeve ne te dhena
_cHalili, P
942 _2udc
_cBK
999 _c54807
_d54807